<?xml version="1.0" encoding="UTF-8"?>
<record
    xmlns:xsi="http://www.w3.org/2001/XMLSchema-instance"
    xsi:schemaLocation="http://www.loc.gov/MARC21/slim http://www.loc.gov/standards/marcxml/schema/MARC21slim.xsd"
    xmlns="http://www.loc.gov/MARC21/slim">

  <leader>00378    a2200133   4500</leader>
  <datafield tag="999" ind1=" " ind2=" ">
    <subfield code="c">199</subfield>
    <subfield code="d">199</subfield>
  </datafield>
  <controlfield tag="008">220225b           ||||| |||| 00| 0 eng d</controlfield>
  <datafield tag="020" ind1=" " ind2=" ">
    <subfield code="a">9781408129951</subfield>
  </datafield>
  <datafield tag="082" ind1="0" ind2="0">
    <subfield code="a">779.97971246</subfield>
    <subfield code="b">R237</subfield>
  </datafield>
  <datafield tag="245" ind1=" " ind2=" ">
    <subfield code="a">Sail: a photographic  celebration of sail power /</subfield>
  </datafield>
  <datafield tag="260" ind1=" " ind2=" ">
    <subfield code="a">London:</subfield>
    <subfield code="b">Bloomsbury,</subfield>
    <subfield code="c">2011</subfield>
  </datafield>
  <datafield tag="300" ind1=" " ind2=" ">
    <subfield code="a">.</subfield>
  </datafield>
  <datafield tag="650" ind1=" " ind2="0">
    <subfield code="a">Marine Photography</subfield>
  </datafield>
  <datafield tag="942" ind1=" " ind2=" ">
    <subfield code="2">ddc</subfield>
    <subfield code="c">BK</subfield>
  </datafield>
  <datafield tag="952" ind1=" " ind2=" ">
    <subfield code="0">0</subfield>
    <subfield code="1">0</subfield>
    <subfield code="2">ddc</subfield>
    <subfield code="4">0</subfield>
    <subfield code="6">779_979712460000000_R237</subfield>
    <subfield code="7">0</subfield>
    <subfield code="9">921</subfield>
    <subfield code="a">CL</subfield>
    <subfield code="b">CL</subfield>
    <subfield code="d">2019-09-16</subfield>
    <subfield code="e">Sterling Book House</subfield>
    <subfield code="g">2717.53</subfield>
    <subfield code="o">779.97971246 R237</subfield>
    <subfield code="p">13224</subfield>
    <subfield code="r">2019-09-16</subfield>
    <subfield code="v">3623.38</subfield>
    <subfield code="y">BK</subfield>
  </datafield>
  <datafield tag="952" ind1=" " ind2=" ">
    <subfield code="0">0</subfield>
    <subfield code="1">0</subfield>
    <subfield code="2">ddc</subfield>
    <subfield code="4">0</subfield>
    <subfield code="6">779_979712460000000_R237</subfield>
    <subfield code="7">0</subfield>
    <subfield code="9">922</subfield>
    <subfield code="a">CL</subfield>
    <subfield code="b">CL</subfield>
    <subfield code="d">2019-09-16</subfield>
    <subfield code="e">Sterling Book House</subfield>
    <subfield code="g">2717.53</subfield>
    <subfield code="o">779.97971246 R237</subfield>
    <subfield code="p">13225</subfield>
    <subfield code="r">2019-09-16</subfield>
    <subfield code="v">3623.38</subfield>
    <subfield code="y">BK</subfield>
  </datafield>
  <datafield tag="952" ind1=" " ind2=" ">
    <subfield code="0">0</subfield>
    <subfield code="1">0</subfield>
    <subfield code="2">ddc</subfield>
    <subfield code="4">0</subfield>
    <subfield code="6">779_979712460000000_R237</subfield>
    <subfield code="7">0</subfield>
    <subfield code="9">923</subfield>
    <subfield code="a">CL</subfield>
    <subfield code="b">CL</subfield>
    <subfield code="d">2019-09-16</subfield>
    <subfield code="e">Sterling Book House</subfield>
    <subfield code="g">2717.53</subfield>
    <subfield code="o">779.97971246 R237</subfield>
    <subfield code="p">13226</subfield>
    <subfield code="r">2019-09-16</subfield>
    <subfield code="v">3623.38</subfield>
    <subfield code="y">BK</subfield>
  </datafield>
  <datafield tag="952" ind1=" " ind2=" ">
    <subfield code="0">0</subfield>
    <subfield code="1">0</subfield>
    <subfield code="2">ddc</subfield>
    <subfield code="4">0</subfield>
    <subfield code="6">779_979712460000000_R237</subfield>
    <subfield code="7">0</subfield>
    <subfield code="9">924</subfield>
    <subfield code="a">CL</subfield>
    <subfield code="b">CL</subfield>
    <subfield code="d">2019-09-16</subfield>
    <subfield code="e">Sterling Book House</subfield>
    <subfield code="g">2717.53</subfield>
    <subfield code="o">779.97971246 R237</subfield>
    <subfield code="p">13227</subfield>
    <subfield code="r">2019-09-16</subfield>
    <subfield code="v">3623.38</subfield>
    <subfield code="y">BK</subfield>
  </datafield>
</record>
